00465cam a22001572 4500001001100000005001700011008004100028040001500069100003200084245005500116250001300171260004700184300001100231650006200242852000300304000000977020151217155844.0081127s xx 000 0 eng d aKABUcKABU1 aWhiteley, W. H.@000015801314aThe Dialects and verse of Pemba /cW. H. Whiteley. a1st ed. aKampala :bE. A. Swahili Committee,c1958. a61 p. 0aSwahili languagex dialectszPemba, Tanzania.@00001615501